The wonderful wizard of oz

Bibliographic Details
Main Author: Baum, L Frank
Format: Book
Published: London : David Campbell Publisher , 1992
Series:Children's classics
Subjects:

MARC

LEADER 00000cam a2200000 7i4500
001 0000004059
002 000004369
005 20080319.0
020 |a 1857159039 
090 0 0 |a JF   |b BAU 
100 1 |a Baum, L Frank 
245 1 4 |a The wonderful wizard of oz   |c L.Frank Baum 
260 |a London :   |b David Campbell Publisher ,   |c 1992 
300 |a 208p :   |b ill ;   |c 24cm. 
490 0 |a Children's classics 
650 0 0 |a Children's stories 
999 |a 037266   |b BUKU   |c PINJAMAN   |e PERPUSTAKAAN KOMUNITI PETALING JAYA